Estatísticas para Game of Thrones

Clique aqui para jogar o quiz

Estatísticas Gerais

  • Esse quiz foi jogado 31 vezes
  • A pontuação média é 5 de 15

Estatísticas das Respostas

HintResposta% Correto
Com quantos reis Margaery Tyrell já casou na série?3
79%
O que Lancel Lannister é de Kevan Lannister?Filho
68%
Quem foi o primeiro a sentar no trono de ferro após a morte de Aerys II Targaryen?Jaime Lannister
54%
Quem foi o primeiro rei de Westeros?Aegon I Targaryen
43%
Quem foi o lorde de Casterly Rock após a morte de Tywin Lannister?Kevan Lannister
39%
Qual é o nome do Lorde da casa Tyrell, rei da Campina?Mace Tyrell
39%
Sam e Gilly partem para Vilavelha por qual meio de transporte?Navio
39%
Quem foi o Stark em Winterfell durante a Rebelião de Robert?Benjen Stark
36%
A qual casa pertence a espada Lamento de viúva?Lannister
36%
Qual o nome do filho(a) mais novo(a) do príncipe Doran Martell?Trystane Martell
36%
Quem foi o responsável pela morte de Ygritte?Olly
32%
Quais destes personagens faz parte dos livros mas não está presente na série?Arianne Martell
11%
Quais destas locações nunca apareceu na abertura de Game of Thrones?Casterly Rock
7%
Em qual episódio da 5ª temporada, Sansa se casou com Ramsay Bolton?5x7- A Dávida
4%
Quais das seguintes casas não está situada nas Ilhas de Ferro?Goodbrother
4%

Distribuição das Pontuações

Percentil de Números Respondidos

Porcentagem de Pessoas com Cada Pontuação

Sua Pontuação Histórica

Você não jogou esse quiz